000 01299cam a2200337 a 4500
001 12700695
003 Nust
005 20220831093305.0
008 020312s2002 nyu 000 1 eng
010 _a 2002021112
020 _a0743460529
_cRs. 360
038 _aArshad
040 _aDLC
_cDLC
_dDLC
050 0 0 _aPS3553.L287
_bD33 2002
082 0 0 _a823
_bCLA
100 1 _aClark, Mary Higgins.
_911983
245 1 0 _aDaddy's little girl /
_cMary Higgins Clark.
260 _aNew York :
_bSimon & Schuster,
_c2002.
300 _a352 p. ;
_c24 cm.
650 0 _aMurder victims' families
_vFiction.
_911771
650 0 _aSisters
_xDeath
_vFiction.
_911984
650 0 _aEx-convicts
_vFiction.
_911985
650 0 _aYoung women
_vFiction.
_93694
655 7 _aSuspense fiction.
_2gsafd
_94577
856 4 2 _3Contributor biographical information
_uhttp://www.loc.gov/catdir/bios/simon052/2002021112.html
856 4 2 _3Publisher description
_uhttp://www.loc.gov/catdir/description/simon031/2002021112.html
856 4 1 _3Sample text
_uhttp://www.loc.gov/catdir/enhancements/fy0641/2002021112-s.html
906 _a7
_bcbc
_corignew
_d1
_eocip
_f20
_gy-gencatlg
942 _2ddc
_cBK
999 _c174381
_d174381